Problems in dimensioning (Record no. 572401)

000 -LEADER
fixed length control field 00376nam a22001577a 4500
003 - CONTROL NUMBER IDENTIFIER
control field CEME
005 - DATE AND TIME OF LATEST TRANSACTION
control field 20210628203142.0
008 - FIXED-LENGTH DATA ELEMENTS--GENERAL INFORMATION
fixed length control field 210122b xxu||||| |||| 00| 0 eng d
040 ## - CATALOGING SOURCE
Transcribing agency .
082 ## - DEWEY DECIMAL CLASSIFICATION NUMBER
Classification number 604.243 BOD
100 ## - MAIN ENTRY--PERSONAL NAME
Personal name Bodelind, Bertil
9 (RLIN) 63650
245 ## - TITLE STATEMENT
Title Problems in dimensioning
260 ## - PUBLICATION, DISTRIBUTION, ETC.
Place of publication, distribution, etc. SWEDIN
Name of publisher, distributor, etc. LUND JOHANSEN
Date of publication, distribution, etc. 1996
300 ## - PHYSICAL DESCRIPTION
Extent IV,202 P
942 ## - ADDED ENTRY ELEMENTS (KOHA)
Koha item type Book
Source of classification or shelving scheme
Holdings
Withdrawn status Lost status Source of classification or shelving scheme Damaged status Not for loan Permanent Location Current Location Shelving location Date acquired Full call number Barcode Date last seen Price effective from Koha item type Public note
          College of Electrical & Mechanical Engineering (CEME) College of Electrical & Mechanical Engineering (CEME) General Stacks 07/25/2017 604.243 BOD CEME-43591 06/28/2021 06/28/2021 Book 3.8
© 2023 Central Library, National University of Sciences and Technology. All Rights Reserved.